Plant reproduction

Bibliographic Details
Main Author: Spilsbury, Louise
Format: Book
Published: London : Heineman Library , 2003
Series:The life of plants
Subjects:

MARC

LEADER 00000cam a2200000 7i4500
001 0000005553
005 20151222.0
008 070807
020 |a 0431118825 
090 0 0 |a NH   |b ENG 
100 1 |a Spilsbury, Louise 
245 1 0 |a Plant reproduction   |c Louise Spilsbury 
260 |a London :   |b Heineman Library ,   |c 2003 
440 0 |a The life of plants 
500 |a Children ages 10-12 years old (pink) 
650 0 |a Plants   |x Reproduction   |x Juvenile literature 
999 |a 0000925874   |b Book   |c Children Collection   |e Cawangan Bukit Gambir 
999 |a 0000938231   |b Book   |c Children Collection   |e Cawangan Tangkak 
999 |a 0000938232   |b Book   |c Children Collection   |e Cawangan Tangkak 
999 |a 0000979923   |b Book   |c Children Collection   |e Cawangan Kota Tinggi 
999 |a 0000979924   |b Book   |c Children Collection   |e Perbadanan Perpustakaan Awam Johor 
999 |a 0000979925   |b Book   |c Children Collection   |e Cawangan Sri Merlong 
999 |a 0000979926   |b Book   |c Children Collection   |e Cawangan Mersing 
999 |a 0000979927   |b Book   |c Children Collection   |e Perbadanan Perpustakaan Awam Johor